Vista normal
Vista MARC
Entrada Personal Name
Número de registros utilizados en: 1
001 - CONTROL NUMBER
- control field: 2192
003 - CONTROL NUMBER IDENTIFIER
- control field: OSt
005 - DATE AND TIME OF LATEST TRANSACTION
- control field: 20130510084258.0
008 - FIXED-LENGTH DATA ELEMENTS
- fixed length control field: 130510|||a|||||| | ||| d
040 ## - CATALOGING SOURCE
- Original cataloging agency: OSt
- Transcribing agency: OSt
100 ## - HEADING--PERSONAL NAME
- Personal name: Rubin, Romina K.
670 ## - SOURCE DATA FOUND
- Source citation: Work cat.: (OSt): Kaplan, Roberto 2190, Los grandes Síndromes Geriátricos, 2009.